000
00325nam a22001457a 4500
008
230706b ||||| |||| 00| 0 eng d
020
_a
9781617315336
041
_a
eng
080
_a
573
082
_a
573ADA
100
_a
15
101
_a
MEDBIOL
245
_a
ENHANCEMENT EXERCISES BIOLOGY
_c
ADAMS.J.B
942
_2
udc
_c
BK
999
_c
60097
_d
60097